Ústavnoprávne základy proti nečinnosti verejnej správy v Slovenskej republike

Guardado en:
Detalles Bibliográficos
Autor principal: Horvat, Matej
Otros Autores: Magurová, Hana, 1986-
Formato: Capítulo de libro
Lenguaje:eslovaco
Etiquetas: Agregar Etiqueta
Sin Etiquetas, Sea el primero en etiquetar este registro!

MARC

LEADER 00000naa$a2200000$$$4500
001 0231376
005 20240502083621.1
041 0 |a slo 
044 |a CZ 
245 1 0 |a Ústavnoprávne základy proti nečinnosti verejnej správy v Slovenskej republike  |c Matej Horvát, Hana Magurová 
100 1 |a Horvat, Matej 
700 1 |a Magurová, Hana, 1986-